Presidential Oath of Office Quiz Stats

 Plays Quiz Updated Oct 28, 2020

Support Sporcle.
Go Orange.
Score 0/35 Timer 03:00
10 Plays Today
% Correct
I
99.2%
I
98.6%
the
92.9%
the
92.8%
the
92.7%
the
92.7%
the
92.7%
United
92.1%
States,
92.1%
United
92%
States.
92%
of
91.8%
of
91.8%
of
91.7%
of
91.7%
swear (or affirm)
90.3%
will
81.2%
will
80.8%
% Correct
do
79.8%
that
77.4%
President
76.3%
to
75.5%
and
75.4%
and
75.3%
solemnly
73.7%
Constitution
66.8%
Office
63.6%
my
61.4%
best
58%
protect
57.7%
ability,
54.7%
defend
52.1%
faithfully
37%
execute
36.2%
preserve,
28.1%

From the Vault

One Word Artist and Title Jumble

by caramba

Music 7m
Some of these artists are really mixed up.
Remove Ads.
Support Sporcle.
Get the best of Sporcle when you Go Orange. This ad-free experience offers more features, more stats, and more fun while also helping to support Sporcle. Thank you for becoming a member.

Show Comments

Extras

Top Quizzes Today


Score Distribution

Your Account Isn't Verified!

In order to create a playlist on Sporcle, you need to verify the email address you used during registration. Go to your Sporcle Settings to finish the process.

Report this User

Report this user for behavior that violates our Community Guidelines.

Details: